| 000 | 01418nam a2200361 a 4500 | ||
|---|---|---|---|
| 999 |
_c98760 _d98760 |
||
| 003 | BLK | ||
| 005 | 20240708111406.0 | ||
| 008 | 180409b bul|||||r ||||||| ||bul|| | ||
| 010 | _aKNG00103711000 | ||
| 040 | _aBLK | ||
| 041 |
_aBUL _cBUL |
||
| 080 |
_aАмериканска литература (на САЩ) _b821.111(73) _x-312.4 _z821.111(73)-312.4 |
||
| 100 | 1 |
_aКланси, Том _eпърви автор _979533 |
|
| 139 |
_aКланси, Том _bК 63 |
||
| 245 | 1 | 0 |
_aПатриотични игри _bРоман : Ч. 1 - 2 _cТом Кланси; прев. от англ. Венцислав Тренев Градинаров. _nЧ. 2 |
| 257 | _aUSA | ||
| 260 |
_aСофия _bАтика _c1993 |
||
| 300 | _c20 см | ||
| 380 | _aX | ||
| 490 |
_aПоредица Международни бестселъри Crime Mystery _9201189 |
||
| 500 | _aОриг. загл. Patriot Games / Tom Clancy. - Офс. изд. | ||
| 653 | _aтрилъри | ||
| 653 | _aромани | ||
| 700 | 1 |
_aГрадинаров, Венцислав Тренев _eпрев. от англ. _9368974 |
|
| 760 | 1 |
_aКланси, Том _d1993 _h255 с. _n10 000 тир. _tЧ. 2 |
|
| 852 |
_aЦб 172856 _bЦб |
||
| 856 | 4 |
_qpdf _i0.00 _ldisable |
|
| 856 | 4 |
_qpdf _i0.00 _ldisable |
|
| 942 |
_cKNG _n0 _07 _s1 |
||
| 944 |
_aCR _c01.01.1999 _k30530 _lМинев Младен |
||
| 944 |
_aED _c08.10.2014 |
||
| 999 | _d98760 | ||